• 首页
  • 本馆介绍
  • 公告通知
  • 最新文献
  • 馆藏检索
  • 电子资源
  • 读者导购
  • 参考咨询
  • 我的图书馆
  • 登录
  • 详细信息显示
  • 放入我的书架
  • 预约/预借图书
  • 作者相关作品
  • 分类相关作品
  • 丛书相关作品
  • 出版社相关作品

书目信息

  • 表格格式
  • 工作单格式
  • 卡片格式
题名:
缔造东方新主流
    
 
作者: 于德山 著
分册:  
出版信息: 北京   中国广播电视出版社  2011.09
页数: 217页
开本: 24cm
丛书名: 信息传播与社会发展文丛
单 册:
中图分类: G237.5
科图分类:
主题词: 新闻工作--期刊--研究 , 新闻工作 , 期刊
电子资源:
ISBN: 978-7-5043-6474-6
000 01112oam2 2200289 450
001 012011457804
005 20130627101117.64
010    @a978-7-5043-6474-6@dCNY31.00
100    @a20120214d2011 em y0chiy0110 ea
101 0  @achi
102    @aCN@b110000
105    @aa z 000yy
106    @ar
200 1  @a缔造东方新主流@9di zao dong fang xin zhu liu@dCreate east new mainstream@e当代新闻期刊的理念与实践@f于德山著@zeng
210    @a北京@c中国广播电视出版社@d2011.09
215    @a217页@c图@d24cm
225 1  @a信息传播与社会发展文丛@f方晓红主编
330    @a本书以当代新闻期刊为研究对象,分析当代新闻期刊的传播类型、传播特征、典型代表、读者特征、产业特征、人才培养与新媒体时代新闻期刊的发展等诸多问题,具体分为绪论、上篇、中篇、下篇和结语五个部分。
510 1  @aCreate east new mainstream@zeng
517 1  @a当代新闻期刊的理念与实践@9dang dai xin wen qi kan de li nian yu shi jian
606 0  @a新闻工作@x期刊@x研究
606 0  @a新闻工作
606 0  @a期刊
690    @aG237.5@v5
701  0 @a于德山@9yu de shan@f(1968~)@4著
801  0 @aCN@bNLC@c20120306
905    @b546504-08@dG237.5@e60@f5
    
    缔造东方新主流=Create east new mainstream:当代新闻期刊的理念与实践/于德山著.-北京:中国广播电视出版社,2011.09
    217页:图;24cm.-(信息传播与社会发展文丛/方晓红主编)
    
    
    ISBN 978-7-5043-6474-6:CNY31.00
    本书以当代新闻期刊为研究对象,分析当代新闻期刊的传播类型、传播特征、典型代表、读者特征、产业特征、人才培养与新媒体时代新闻期刊的发展等诸多问题,具体分为绪论、上篇、中篇、下篇和结语五个部分。
●
相关链接 在E读中查询图书 在五车中查询图书 在当当中查询图书 在豆瓣中查询图书


正题名:缔造东方新主流     索取号:G237.5/60         预约/预借

序号 登录号 条形码 馆藏地/架位号 状态 备注
1 546504   205465049   第一样本阅览室/ [索取号:G237.5/60] 在馆    
2 546505   205465058   第四借阅区/ [索取号:G237.5/60] 在馆    
3 546506   205465067   第四借阅区/ [索取号:G237.5/60] 在馆    
4 546507   205465076   第四借阅区/ [索取号:G237.5/60] 在馆    
5 546508   205465085   密集书库-文学院/ [索取号:G237.5/60] 在馆    
唐山师范学院图书馆 欢迎您!
大连网信软件有限公司© 版权所有